000 02080nam a2200433 c 4500
999 _c111561
_d111561
003 BLK
005 20240313155817.0
008 180409b bul|||||r ||||||| ||bul||
010 _aKNG00116907000
020 _a954-761-017-1
040 _aBLK
041 _aBUL
_cBUL
080 _aИнтернет. Изчислителни системи. Мултиизчислителни комплекси и многомашинни мрежи
_b004.738.5
_x(035)
_z004.738.5(035)
080 _aИзчислителни машини, електронни - програмиране
_b681.332.06
_x(035)
_z681.332.06(035)
100 1 _aМаруяма Хироши
_eпърви автор
_993817
139 _aМаруяма Хироши и др.
_bМ 35
245 1 0 _a[ЕксЕмЕл] XML и Java
_bРазработване на Web приложения
_cМаруяма Хироши; съавт. Урамото Наохико; съавт. Тамура Кент; прев. Димитър Томов.
257 _aJAP
260 _bИнфоДар
_c2001
_fСофия : Симолини
300 _a435 с.
_bс ил., сх.
_c23 см
_e1 CD
380 _a0
500 _aОриг. загл. XML and Java / Hiroshi Maruyama, Kent Tamura, Naohiko Uramoto. - Библиогр. с. 385-391. - Кн. е със CD със сигн. Цб CD 721.
650 4 _aЕзици за програмиране - наръчници и ръководства
_9241821
650 4 _aПрограмиране - наръчници и ръководства
_9256574
653 _aXML
653 _aJava
653 _aезици за програмиране
653 _aнаръчници
700 1 _aУрамото Наохико
_eсъавт.
_9133129
700 1 _aТамура Кент
_eсъавт.
_9312218
700 1 _aТомов, Димитър
_eпрев.
_9370630
852 _aЦб 222202
856 4 _qpdf
856 4 _qpdf
942 _cKNG
_n0
_03
_s1
944 _aCR
_c17.01.2005
_lЦветелина Шанова
_k30531
944 _aED
_c29.10.2014
_lф /
999 _d111561